Las construcciones de agente degradado en la sección método de los artículos científicos/ Guillermo Soto
Guardado en:
| Hovedforfatter: | |
|---|---|
| Format: | Bog |
| Sprog: | Spanish |
| Tags: |
Tilføj Tag
Ingen Tags, Vær først til at tagge denne postø!
|
MARC
| LEADER | 00000nam a22000007a 4500 | ||
|---|---|---|---|
| 003 | cru CIDCACS/IIS | ||
| 005 | 20190206133139.0 | ||
| 007 | ta | ||
| 008 | 190206t2005 cl |||||r|||||||| 0 spa | | ||
| 999 | |c 42154 |d 42154 | ||
| 040 | |c cru CIDCACS/IIS | ||
| 100 | 1 | |9 8306 |a Soto, Guillermo | |
| 245 | 1 | 4 | |a Las construcciones de agente degradado en la sección método de los artículos científicos/ |b Guillermo Soto |
| 300 | |a páginas 111-125 | ||
| 773 | 0 | |0 42151 |9 2640 |a Harvey, Anamaría |d Chile: Ediciones Universidad Católica de Chile, 2005 |o 04011 |t En Torno al discurso: |z 9561408058 | |
| 942 | |2 ddc |c LI | ||



